| 000 | 01423nam0a22003251 4500 | ||
|---|---|---|---|
| 001 | rc\3479564 | ||
| 005 | 20260408083815.0 | ||
| 021 |
_aRU _b74-70406 |
||
| 021 |
_aRU _bРг10544-74 |
||
| 035 | _a(NLR Aleph) 007601004 | ||
| 090 |
_a5714137 _c5714137 |
||
| 100 | _a20130115d1974 |||y0rusy50 ca | ||
| 101 | 0 | _arus | |
| 102 | _aRU | ||
| 105 | _aa z ||||| | ||
| 200 | 1 | _aСвойства быстротвердеющего цемента при нагреве | |
| 210 |
_aМосква _cБ. и. _d1974 |
||
| 215 |
_a8 с. _cил. _d21 |
||
| 225 | 1 |
_aVI Международный конгресс по химии цемента. Москва, сентябрь 1974 г. Дополнительный доклад _vРазд. 3. 3-1 |
|
| 300 | _aПеред загл. авт.: К.Д. Некрасов, д-р техн. наук, проф. А.П. Тарасова, канд. техн. наук, Н.П. Жданова | ||
| 320 | _aБиблиогр.: с. 8 | ||
| 700 | 1 |
_aНекрасов _bК.Д. _gКонстантин Дмитриевич |
|
| 701 | 1 |
_aТарасова _bА.П. _gАлександра Петровна |
|
| 701 | 1 |
_aЖданова _bН.П. |
|
| 712 | 1 | 2 |
_aМеждународный конгресс по химии цемента _d6 _f1974 _eМосква _3RU\NLR\AUTH\8810172805 _9841453 |
| 801 | 0 |
_aRU _bNLR _gpsbo |
|
| 801 | 1 |
_aRU _bELAR _2rusmarc |
|
| 852 |
_aNLR _j74-4/18547 |
||
| 942 | _cBOOK | ||
| 980 | _aNB | ||